Democracy rising : (Record no. 12775)

000 -LEADER
fixed length control field 00606cam a22001934a 4500
020 ## - INTERNATIONAL STANDARD BOOK NUMBER
ISBN 1588264289 (hardcover : alk. paper)
020 ## - INTERNATIONAL STANDARD BOOK NUMBER
ISBN 158826405X (pbk. : alk. paper)
040 ## - CATALOGING SOURCE
Transcribing agency DLC
082 00 - DEWEY DECIMAL CLASSIFICATION NUMBER
Classification number 320 LYN 2006 A020 Or.
245 00 - TITLE STATEMENT
Title Democracy rising :
Remainder of title assessing the global challenges /
260 ## - PUBLICATION, DISTRIBUTION, ETC. (IMPRINT)
Place of publication Boulder, Colo. :
Name of publisher Lynne Rienner Publishers,
Year of publication 2006.
300 ## - PHYSICAL DESCRIPTION
Number of Pages vii, 173 p. ;
Dimensions 24 cm.
650 #0 - SUBJECT ADDED ENTRY--TOPICAL TERM
Topical Term Democracy
650 #0 - SUBJECT ADDED ENTRY--TOPICAL TERM
Topical Term Comparative government
650 #0 - SUBJECT ADDED ENTRY--TOPICAL TERM
Topical Term World politics
700 1# - ADDED ENTRY--PERSONAL NAME
Personal name Muñoz, Heraldo.
856 41 - ELECTRONIC LOCATION AND ACCESS
Uniform Resource Identifier http://www.loc.gov/catdir/toc/ecip0515/2005019727.html
942 ## - ADDED ENTRY ELEMENTS (KOHA)
Koha item type សៀវភៅភាសាអង់គ្លេស
952 ## - LOCATION AND ITEM INFORMATION (KOHA)
Withdrawn status [LOCAL, KOHA] 0
Holdings
Permanent Location Date acquired Koha item type Lost status Shelving location Barcode Current Location Full call number
Library Block A2017-08-16សៀវភៅភាសាអង់គ្លេស A020A15994Library Block A320 LYN 2006 A020 Or.
មជ្ឈមណ្ឌលឯការនៃសាកលវិទ្យាល័យភូមិន្ទកសិកម្មចំការដូង

Powered by Koha